[Event "11th Essent op"]
[Site "Hoogeveen NED"]
[Date "2007.10.12"]
[Round "1.1"]
[White "Vedder, Richard"]
[Black "Postny, Evgeny"]
[Result "0-1"]
[WhiteElo "2297"]
[BlackElo "2598"]
[EventDate "2007.10.12"]
[PlyCount "81"]

1.e4 c5 2.Nf3 e6 3.d4 cxd4 4.Nxd4 a6 5.g3 b5 6.Bg2 Bb7 7.O-O d6 8.a4 b4 9.
c4 Nf6 10.Re1 Qc7 11.b3 Nbd7 12.Ra2 Nc5 13.Rae2 e5 14.Nf5 g6 15.Nh4 Be7 
16.Qc2 O-O 17.Nd2 Nh5 18.Ndf3 Ng7 19.Bh6 Rfe8 20.Bh3 Nge6 21.Ng2 Bf6 22.
Bxe6 fxe6 23.h4 Bh8 24.h5 gxh5 25.Ngh4 Bf6 26.Re3 Kh8 27.Kh2 Rg8 28.Kh3 
Qe7 29.Nh2 Bxh4 30.gxh4 Nxe4 31.Rxe4 Qf6 32.Bg5 Qf5+ 33.Kg3 h6 34.Nf3 hxg5
35.Nxg5 Rxg5+ 36.hxg5 Qxg5+ 37.Kf3 Rf8+ 38.Ke2 Qg2 39.Kd1 Rxf2 40.Qd3 Bxe4
41.Qxe4 0-1

[Event "11th Essent op"]
[Site "Hoogeveen NED"]
[Date "2007.10.12"]
[Round "1.3"]
[White "Van Kooten, Luuk"]
[Black "Werle, Jan"]
[Result "0-1"]
[WhiteElo "2283"]
[BlackElo "2568"]
[EventDate "2007.10.12"]
[PlyCount "44"]

1.d4 f5 2.g3 Nf6 3.c4 g6 4.Nf3 Bg7 5.b4 d6 6.Bb2 Ne4 7.Qb3 a5 8.Bg2 axb4 
9.O-O Na6 10.Nbd2 Nxd2 11.Nxd2 O-O 12.Rad1 Qe8 13.e4 f4 14.gxf4 Rxf4 15.
Qe3 e5 16.dxe5 dxe5 17.Nf3 Bg4 18.Rd5 Bxf3 19.Bxf3 c6 20.Rd3 Qf8 21.Rfd1 
Nc5 22.Rd6 Na4 0-1

[Event "11th Essent op"]
[Site "Hoogeveen NED"]
[Date "2007.10.12"]
[Round "1.4"]
[White "Hillarp Persson, Tiger"]
[Black "Kuipers, Stefan"]
[Result "0-1"]
[WhiteElo "2567"]
[BlackElo "2283"]
[EventDate "2007.10.12"]
[PlyCount "78"]

1.d4 d5 2.c4 c6 3.Nf3 Nf6 4.e3 Bf5 5.Nc3 e6 6.Nh4 Bg6 7.Be2 Nbd7 8.O-O Be7
9.g3 O-O 10.Nxg6 hxg6 11.Qc2 a6 12.Rd1 Rc8 13.c5 Re8 14.f4 b5 15.a3 Qc7 
16.b4 Nh7 17.Bd2 f5 18.g4 Kf7 19.g5 Nxg5 20.fxg5 Rh8 21.Bf3 Qxh2+ 22.Kf1 
Bxg5 23.Ra2 Nf6 24.Bc1 Qc7 25.Qg2 Bh4 26.Ke2 g5 27.Qf1 g4 28.Bg2 Bg5 29.
Kd3 Rh2 30.a4 Qg3 31.axb5 axb5 32.Re2 f4 33.Bxd5 Nxd5 34.Nxd5 Rxe2 35.Nxf4
Rf2 36.Ne2 Rxf1 37.Rxf1+ Qf3 38.Rxf3+ gxf3 39.Ng3 Rh8 0-1

[Event "11th Essent op"]
[Site "Hoogeveen NED"]
[Date "2007.10.12"]
[Round "1.5"]
[White "Schuurman, Petra"]
[Black "Nijboer, Friso"]
[Result "0-1"]
[WhiteElo "2281"]
[BlackElo "2559"]
[EventDate "2007.10.12"]
[PlyCount "36"]

1.d4 f5 2.Nf3 Nf6 3.g3 g6 4.Bg2 Bg7 5.b4 Nc6 6.b5 Na5 7.Nbd2 d5 8.Bb2 Ne4 
9.c4 Nxc4 10.Nxc4 dxc4 11.Ne5 c3 12.Ba3 Bxe5 13.dxe5 Qd2+ 14.Kf1 Be6 15.
Bxe4 fxe4 16.Kg2 Rd8 17.Re1 e3 18.Bb4 c2 0-1

[Event "11th Essent op"]
[Site "Hoogeveen NED"]
[Date "2007.10.12"]
[Round "1.6"]
[White "Smeets, Jan"]
[Black "Pel, Bonno"]
[Result "1/2-1/2"]
[WhiteElo "2558"]
[BlackElo "2280"]
[EventDate "2007.10.12"]
[PlyCount "124"]

1.e4 d6 2.d4 g6 3.Nc3 Bg7 4.Be3 a6 5.g4 b5 6.Bg2 Bb7 7.Nge2 b4 8.Nd5 Nc6 
9.a3 bxa3 10.Rxa3 e6 11.Ndc3 Nf6 12.h3 e5 13.d5 Ne7 14.O-O h5 15.f3 Bc8 
16.g5 Nd7 17.Na4 f5 18.h4 O-O 19.c4 Rb8 20.Rb3 c5 21.Rxb8 Nxb8 22.Qb3 Bd7 
23.Nb6 Bb5 24.Na8 Be8 25.Ra1 Qc8 26.Qb6 fxe4 27.fxe4 Qg4 28.Re1 Qxh4 29.
Rf1 Qg4 30.Rxf8+ Bxf8 31.Qxb8 Qxe2 32.Bf2 Qd1+ 33.Kh2 Qd2 34.Bg3 Bd7 35.
Qxd6 Bg4 36.Qxe5 Bf3 37.Qe6+ Kh7 38.Qh3 Qxb2 39.Nc7 Bg7 40.d6 Nc6 41.d7 
Bxe4 42.Bf4 Be5 43.Ne6 Bxg2 44.Nf8+ Kg7 45.Ne6+ Kg8 46.Qxg2 Qxg2+ 47.Kxg2 
Bxf4 48.Nxf4 Kf7 49.Kf2 a5 50.Ke3 Ke7 51.Nxg6+ Kxd7 52.Kd3 Kd6 53.Kc3 Ne5 
54.Nf4 h4 55.Kb3 a4+ 56.Kxa4 Nxc4 57.g6 Nb6+ 58.Kb5 Nd7 59.g7 Nf6 60.Kc4 
Ng8 61.Kb5 Ne7 62.Ng6 Ng8 1/2-1/2

[Event "11th Essent op"]
[Site "Hoogeveen NED"]
[Date "2007.10.12"]
[Round "1.7"]
[White "Van Eijk, Sander"]
[Black "Gofshtein, Leonid D"]
[Result "0-1"]
[WhiteElo "2275"]
[BlackElo "2541"]
[EventDate "2007.10.12"]
[PlyCount "96"]

1.e4 c5 2.Nf3 Nc6 3.d4 cxd4 4.Nxd4 Qc7 5.Be3 e6 6.Nc3 a6 7.f4 b5 8.Be2 Bb7
9.Bf3 Na5 10.Qd3 Nc4 11.Bc1 Rc8 12.O-O b4 13.Nce2 e5 14.b3 exd4 15.bxc4 
Qxc4 16.Nxd4 Qxd3 17.cxd3 Bc5 18.Bb2 Ne7 19.Kh1 f6 20.Bg4 a5 21.Rac1 Ba6 
22.Rfd1 Bb6 23.Rxc8+ Nxc8 24.Rc1 Ne7 25.Nb3 a4 26.Nc5 Bxc5 27.Rxc5 a3 28.
Bd4 Bxd3 29.Rc7 Bxe4 30.Bc5 f5 31.Bd1 Kd8 32.Ra7 Re8 33.Bxb4 Bc6 34.Rxa3 
Nd5 35.Ba5+ Kc8 36.Bf3 Nxf4 37.Bxc6 dxc6 38.g3 Nd5 39.Rf3 g6 40.Rf2 Re3 
41.Rc2 Kd7 42.Kg1 Kd6 43.Kf2 Ra3 44.Bd2 c5 45.Bc1 Ra4 46.Be3 c4 47.Bd4 Nb4
48.Rd2 Rxa2 0-1

[Event "11th Essent op"]
[Site "Hoogeveen NED"]
[Date "2007.10.12"]
[Round "1.8"]
[White "Abergel, Thal"]
[Black "Markus, John Raymond"]
[Result "1-0"]
[WhiteElo "2528"]
[BlackElo "2264"]
[EventDate "2007.10.12"]
[PlyCount "65"]

1.e4 e5 2.Nf3 Nc6 3.Bc4 Nf6 4.d3 Be7 5.O-O O-O 6.Re1 d6 7.a4 Na5 8.Ba2 c5 
9.Nc3 Nc6 10.Nd5 Nxd5 11.Bxd5 Bf6 12.c3 Ne7 13.Bc4 h6 14.Qb3 Qc7 15.Be3 
Bg4 16.Nd2 Rab8 17.h3 Bd7 18.Qa2 Ng6 19.Nf3 b6 20.b4 a5 21.b5 Rbe8 22.Rad1
Be6 23.Bd5 Bxd5 24.Qxd5 Rc8 25.Nd2 Rfd8 26.Qa2 Ne7 27.Nc4 d5 28.exd5 Nxd5 
29.Bd2 Rd7 30.Re4 Nf4 31.Bxf4 exf4 32.Qe2 Bxc3 33.Nxb6 1-0

[Event "11th Essent op"]
[Site "Hoogeveen NED"]
[Date "2007.10.12"]
[Round "1.9"]
[White "Van Kampen, Robin"]
[Black "Reinderman, Dimitri"]
[Result "1/2-1/2"]
[WhiteElo "2475"]
[BlackElo "2510"]
[EventDate "2007.10.12"]
[PlyCount "100"]

1.e4 c5 2.Nf3 Nc6 3.d4 cxd4 4.Nxd4 Nf6 5.Nc3 e5 6.Ndb5 d6 7.Bg5 a6 8.Na3 
b5 9.Nd5 Be7 10.Bxf6 Bxf6 11.c4 b4 12.Nc2 Rb8 13.g3 O-O 14.Bg2 Bg5 15.O-O 
b3 16.axb3 Rxb3 17.Ra2 Qd7 18.f4 Bd8 19.Qd2 Qa7+ 20.Kh1 Qc5 21.Na1 Rb8 22.
Qd3 Nb4 23.Nxb4 Qxb4 24.b3 a5 25.Rd2 Be7 26.Rb1 Bb7 27.Nc2 Qc5 28.Ne3 Rfc8
29.Rbd1 Bc6 30.Ra2 Rb7 31.Rda1 Ra8 32.Nd5 Bxd5 33.Qxd5 Qxd5 34.exd5 exf4 
35.Rxa5 Rxa5 36.Rxa5 Rxb3 37.Ra8+ Bf8 38.Bf1 fxg3 39.hxg3 g6 40.Kg2 Kg7 
41.Ra7 h5 42.Kf2 g5 43.Rd7 g4 44.Be2 Rb2 45.Kf1 Kf6 46.Rd8 Ke7 47.Ra8 Rb7 
48.c5 Rb1+ 49.Kg2 Rb2 50.Kf1 Rb1+ 1/2-1/2

[Event "11th Essent op"]
[Site "Hoogeveen NED"]
[Date "2007.10.12"]
[Round "1.11"]
[White "Mamedjarova, Turkan"]
[Black "Safarli, Eltaj"]
[Result "1-0"]
[WhiteElo "2227"]
[BlackElo "2488"]
[EventDate "2007.10.12"]
[PlyCount "55"]

1.e4 c5 2.c3 Nf6 3.e5 Nd5 4.d4 cxd4 5.Qxd4 e6 6.Nf3 Nc6 7.Qe4 d6 8.Bb5 Bd7
9.c4 Nb6 10.exd6 Bxd6 11.O-O a6 12.Rd1 axb5 13.Rxd6 bxc4 14.Nc3 O-O 15.Be3
Nc8 16.Rd2 Qe7 17.Rad1 Be8 18.Ng5 g6 19.Qxc4 b6 20.Nge4 f6 21.Nd6 b5 22.
Ncxb5 Nxd6 23.Nxd6 Ne5 24.Qc3 Qg7 25.f4 Nf7 26.Ne4 Nh6 27.Bc5 Ba4 28.b3 
1-0

[Event "11th Essent op"]
[Site "Hoogeveen NED"]
[Date "2007.10.12"]
[Round "1.12"]
[White "Rasmussen, Allan Stig"]
[Black "Hamelink, Desiree"]
[Result "1-0"]
[WhiteElo "2485"]
[BlackElo "2202"]
[EventDate "2007.10.12"]
[PlyCount "83"]

1.e4 c5 2.d3 Nc6 3.f4 d6 4.c3 Nf6 5.Be2 g6 6.Be3 Bg7 7.Nd2 e6 8.a3 a5 9.d4
b6 10.Bb5 Bd7 11.dxc5 dxc5 12.Ngf3 O-O 13.Qe2 Qc7 14.Nh4 Rfd8 15.O-O Ne7 
16.Bd3 Bc6 17.h3 Qb7 18.Bf2 Rd7 19.Nhf3 Nh5 20.g3 Rad8 21.Bc2 Bh6 22.Rad1 
Bg7 23.Kh2 Qc7 24.e5 Nd5 25.Ne4 Qb7 26.Rd2 Bh6 27.Nfg5 Bf8 28.c4 Ne7 29.
Rxd7 Rxd7 30.g4 Nxf4 31.Qf3 h6 32.Qxf4 hxg5 33.Nxg5 Nc8 34.Bxg6 fxg6 35.
Qf6 Rg7 36.Bxc5 Be7 37.Qxe6+ Kh8 38.Bxe7 Qxe7 39.Qxc8+ Rg8 40.Qxc6 Qxe5+ 
41.Kg2 Qxg5 42.Qf6+ 1-0

[Event "11th Essent op"]
[Site "Hoogeveen NED"]
[Date "2007.10.12"]
[Round "1.14"]
[White "Visser, Yge"]
[Black "Giddins, Stephen"]
[Result "1/2-1/2"]
[WhiteElo "2470"]
[BlackElo "2190"]
[EventDate "2007.10.12"]
[PlyCount "106"]

1.e4 e6 2.d3 d5 3.Nd2 Nf6 4.Ngf3 b6 5.c3 c5 6.a3 Be7 7.Be2 O-O 8.O-O a5 9.
a4 Nc6 10.Re1 Ba6 11.Bf1 Qc7 12.exd5 exd5 13.Nb3 Rad8 14.Bg5 Rfe8 15.Qd2 
h6 16.Bf4 Bd6 17.Bxd6 Qxd6 18.d4 Bxf1 19.Rxe8+ Rxe8 20.Rxf1 c4 21.Nc1 Rb8 
22.Ne2 b5 23.axb5 Rxb5 24.Ra1 Ne4 25.Qc2 Qb8 26.Ra2 Qd6 27.g3 Qf6 28.Nf4 
Ng5 29.Nxg5 hxg5 30.Ng2 Ne7 31.Ne3 g6 32.Qe2 Qe6 33.Qf3 Kg7 34.Qd1 Qb6 35.
Qd2 Qe6 36.Ra1 Qb6 37.Ra2 Qe6 38.Nf1 f6 39.Ra1 Nf5 40.Re1 Qd6 41.Re2 Rb7 
42.Ne3 Re7 43.Nxf5+ gxf5 44.Qe1 Re4 45.f3 Rxe2 46.Qxe2 Kf7 47.Kg2 f4 48.
Qc2 fxg3 49.hxg3 Qe6 50.Qh7+ Kf8 51.Kf2 Qb6 52.Qc2 Qe6 53.Qh7 Qb6 1/2-1/2

[Event "11th Essent op"]
[Site "Hoogeveen NED"]
[Date "2007.10.12"]
[Round "1.15"]
[White "Ahlers, Ben"]
[Black "Haub, Thorsten Michael"]
[Result "0-1"]
[WhiteElo "2190"]
[BlackElo "2469"]
[EventDate "2007.10.12"]
[PlyCount "80"]

1.e4 g6 2.d4 Bg7 3.Nf3 d6 4.Be2 a6 5.a4 b6 6.O-O e6 7.Nc3 Nd7 8.h3 Ne7 9.
Re1 Bb7 10.Bf1 O-O 11.Bf4 h6 12.Qd3 Kh7 13.Rad1 f5 14.exf5 Bxf3 15.Qxf3 
Nxf5 16.d5 e5 17.Bc1 Nd4 18.Qg3 Nf5 19.Qg4 Nf6 20.Qc4 Nd4 21.Ne4 Nxe4 22.
Rxe4 c6 23.c3 cxd5 24.Qxd5 Nf5 25.Qb7 a5 26.Bb5 Rb8 27.Qd5 Qf6 28.Re2 Rfd8
29.f4 Qh4 30.Qf3 Rf8 31.Rf2 Qe7 32.fxe5 Bxe5 33.Rdf1 Bg3 34.Re2 Qg7 35.Qd3
Rf6 36.Bc6 Rbf8 37.Be4 Nd4 38.Rxf6 Nxe2+ 39.Qxe2 Qxf6 40.Bf3 Rf7 0-1

[Event "11th Essent op"]
[Site "Hoogeveen NED"]
[Date "2007.10.12"]
[Round "1.16"]
[White "Smerdon, David"]
[Black "Van Apeldoorn, Janton"]
[Result "1-0"]
[WhiteElo "2466"]
[BlackElo "2188"]
[EventDate "2007.10.12"]
[PlyCount "43"]

1.e4 c5 2.c3 Nf6 3.e5 Nd5 4.d4 cxd4 5.cxd4 d6 6.Nf3 Nc6 7.Bc4 e6 8.Qe2 Be7
9.O-O O-O 10.Nc3 Nxc3 11.bxc3 dxe5 12.dxe5 Qa5 13.Rb1 Rd8 14.Qe4 Qa4 15.
Bg5 h6 16.Bxe7 Nxe7 17.Bd3 Qc6 18.Qh7+ Kf8 19.Qh8+ Ng8 20.Bh7 Ke7 21.Qxg7 
Bd7 22.Nh4 1-0

[Event "11th Essent op"]
[Site "Hoogeveen NED"]
[Date "2007.10.12"]
[Round "1.17"]
[White "Van Weersel, Arlette"]
[Black "Simutowe, Amon"]
[Result "0-1"]
[WhiteElo "2174"]
[BlackElo "2421"]
[EventDate "2007.10.12"]
[PlyCount "146"]

1.e4 c5 2.c4 d6 3.Ne2 e5 4.Nbc3 Nc6 5.d3 g6 6.Nd5 Bg7 7.Nec3 Be6 8.Be2 h6 
9.Be3 Nf6 10.Qd2 a6 11.O-O Nd7 12.a3 Nd4 13.Bd1 g5 14.Rb1 O-O 15.b4 b6 16.
Ba4 Rb8 17.bxc5 Nxc5 18.Nb4 b5 19.cxb5 axb5 20.Bd1 Qa5 21.Ncd5 Bxd5 22.
Nxd5 Qxd2 23.Bxd2 Nxd3 24.Be3 Nc5 25.f3 Ra8 26.Ne7+ Kh7 27.Bxd4 exd4 28.
Nf5 Rfd8 29.Rxb5 Rxa3 30.Nxd6 Rxd6 31.Rxc5 d3 32.Rb5 Bd4+ 33.Kh1 Rb6 34.
Rxb6 Bxb6 35.g3 Be3 36.Kg2 Ra2+ 37.Kh1 Rc2 38.Re1 Bd2 39.Rf1 Rc1 40.Kg2 
Kg6 41.Ba4 Be1 42.f4 g4 43.e5 f5 44.exf6 Kxf6 45.h3 gxh3+ 46.Kxh3 Ra1 47.
Kg2 d2 48.Bc2 Rc1 49.Ba4 Bxg3 50.Bd1 Be1 51.Be2 Rc6 52.Kf3 h5 53.Kg2 Rc8 
54.Rf3 Rg8+ 55.Kf1 Rd8 56.Bd1 Kf5 57.Bc2+ Kg4 58.Bd1 Kf5 59.Bc2+ Kf6 60.
Bd1 h4 61.Ke2 Kf5 62.Kf1 Rc8 63.Bb3 Ke4 64.Ke2 Kf5 65.Kf1 Bg3 66.Rd3 Bxf4 
67.Kg2 Rc7 68.Kh3 Ke4 69.Rd8 Rc3+ 70.Kg4 Rxb3 71.Kxh4 Rd3 72.Re8+ Be5 73.
Rf8 Bg3+ 0-1

[Event "11th Essent op"]
[Site "Hoogeveen NED"]
[Date "2007.10.12"]
[Round "1.18"]
[White "Peng, Zhaoqin"]
[Black "Vroombout, Enrico"]
[Result "1-0"]
[WhiteElo "2419"]
[BlackElo "2141"]
[EventDate "2007.10.12"]
[PlyCount "105"]

1.d4 Nf6 2.Nf3 g6 3.c4 Bg7 4.Nc3 O-O 5.e4 d6 6.Be2 e5 7.O-O Nc6 8.d5 Ne7 
9.b4 Nh5 10.c5 f5 11.Ng5 Nf6 12.Bc4 Kh8 13.f3 Ne8 14.Rb1 Bf6 15.Ne6 Bxe6 
16.dxe6 f4 17.Bb2 Nc6 18.Nd5 Ng7 19.cxd6 cxd6 20.Nxf6 Rxf6 21.b5 Na5 22.
Bd5 Nxe6 23.Bxe6 Rxe6 24.Qd5 Rf6 25.h3 Qg8 26.Rfc1 Qxd5 27.exd5 Rf7 28.Ba3
Rd8 29.Rb2 b6 30.Rbc2 Nb7 31.Rc7 Rfd7 32.R1c6 Kg8 33.Kf2 Nc5 34.Ke2 Kf8 
35.Kd2 Ke8 36.Kc3 Rxc7 37.Rxc7 Rd7 38.Rc6 Ke7 39.Kc4 Kf6 40.Bxc5 bxc5 41.
a4 e4 42.fxe4 Ke5 43.Kd3 Rf7 44.Rc8 f3 45.Re8+ Kf4 46.gxf3 Kg3 47.Re6 
Rxf3+ 48.Kc4 Ra3 49.Rxd6 Rxa4+ 50.Kxc5 Rxe4 51.Re6 Rf4 52.d6 Kxh3 53.d7 
1-0

[Event "11th Essent op"]
[Site "Hoogeveen NED"]
[Date "2007.10.12"]
[Round "1.19"]
[White "Hulshof, Peter"]
[Black "Van Delft, Merijn"]
[Result "1/2-1/2"]
[WhiteElo "2163"]
[BlackElo "2418"]
[EventDate "2007.10.12"]
[PlyCount "114"]

1.e4 g6 2.Nc3 Bg7 3.g3 c5 4.Bg2 Nc6 5.d3 d6 6.f4 e6 7.Nf3 Nge7 8.O-O O-O 
9.Be3 Nd4 10.e5 Bd7 11.Ne4 Nef5 12.Bf2 Nxf3+ 13.Qxf3 Bc6 14.c3 Rc8 15.Qe2 
dxe5 16.fxe5 b6 17.g4 Nh4 18.Bxh4 Qxh4 19.Nf6+ Bxf6 20.Rxf6 Bxg2 21.Kxg2 
Rcd8 22.Raf1 Rd7 23.h3 Qg5 24.R6f4 Rfd8 25.R4f3 h5 26.Re3 Rd5 27.Kh2 Kg7 
28.gxh5 Qxh5 29.Qxh5 gxh5 30.Rff3 h4 31.Kg2 Kf8 32.Kf2 Ke7 33.Rf4 Rxd3 34.
Rxh4 Rd1 35.Rhe4 Rb1 36.Re2 Rdd1 37.b4 cxb4 38.cxb4 b5 39.Rc2 a6 40.Rc7+ 
Rd7 41.Rxd7+ Kxd7 42.a3 Ke7 43.Re3 Kf8 44.Kf3 Kg7 45.Ke4 Rc1 46.Rg3+ Kh6 
47.Rf3 Kg6 48.Rg3+ Kh6 49.Rf3 Rc4+ 50.Kd3 Kg6 51.Rf6+ Kg7 52.Rf3 Rc1 53.
Ke4 Rc4+ 54.Kd3 Rc7 55.Rg3+ Kh7 56.Rg4 Rc1 57.Kd4 Rc4+ 1/2-1/2

[Event "11th Essent op"]
[Site "Hoogeveen NED"]
[Date "2007.10.12"]
[Round "1.20"]
[White "Willemze, Thomas"]
[Black "Hoffman, Ron"]
[Result "1-0"]
[WhiteElo "2417"]
[BlackElo "2158"]
[EventDate "2007.10.12"]
[PlyCount "109"]

1.e4 g6 2.d4 Bg7 3.Nc3 d6 4.Be3 a6 5.a4 b6 6.g3 Bb7 7.Bg2 Nd7 8.Nge2 c5 9.
O-O Rb8 10.h3 cxd4 11.Bxd4 Ngf6 12.Nd5 e5 13.Bc3 Nc5 14.f3 Bc6 15.b3 h5 
16.Ne3 b5 17.axb5 axb5 18.h4 O-O 19.Ba5 Qe7 20.Nc3 b4 21.Ncd5 Nxd5 22.Nxd5
Bxd5 23.Qxd5 g5 24.Qd2 gxh4 25.gxh4 Qxh4 26.Bxb4 Rxb4 27.Qxb4 Bh6 28.Qe1 
Qf6 29.Qg3+ Kh8 30.Qh3 Be3+ 31.Kh1 Ne6 32.f4 Bxf4 33.Rad1 Ng5 34.Qf5 Qxf5 
35.exf5 Rc8 36.c4 Rb8 37.Rb1 Bd2 38.Bd5 f6 39.Rf2 Bf4 40.b4 Kh7 41.b5 Be3 
42.Ra2 Nh3 43.Ra8 Rb6 44.Rba1 Nf4 45.R1a7+ Kh6 46.Rg8 Rxb5 47.Rh8+ Kg5 48.
Rg7+ Kxf5 49.cxb5 Nxd5 50.Rxh5+ Ke6 51.Rh8 Nb6 52.Rc7 Kd5 53.Rf8 Bg5 54.
Rc6 Na4 55.Rd8 1-0

[Event "11th Essent op"]
[Site "Hoogeveen NED"]
[Date "2007.10.12"]
[Round "1.21"]
[White "Otte, Marijn Willem"]
[Black "Pruijssers, Roeland"]
[Result "1/2-1/2"]
[WhiteElo "2155"]
[BlackElo "2408"]
[EventDate "2007.10.12"]
[PlyCount "90"]

1.e4 e5 2.f4 exf4 3.Nf3 g5 4.h4 g4 5.Ne5 Nf6 6.Nxg4 Nxe4 7.d3 Ng3 8.Bxf4 
Nxh1 9.Qe2+ Qe7 10.Nf6+ Kd8 11.Bxc7+ Kxc7 12.Nd5+ Kd8 13.Nxe7 Bxe7 14.Nc3 
Bxh4+ 15.Kd2 Bg5+ 16.Kd1 d5 17.Qe1 Nc6 18.Be2 Nd4 19.Qxh1 Be6 20.g3 Re8 
21.Bh5 Rc8 22.Nxd5 Rxc2 23.Nf4 Re7 24.Qg1 Rd7 25.Qxd4 Rd2+ 26.Kxd2 Rxd4 
27.Kc3 Bf6 28.Nxe6+ fxe6 29.Kc2 Rb4 30.Rb1 Be5 31.Bf3 Bxg3 32.Rh1 Rf4 33.
Bxb7 Rf2+ 34.Kc3 Bh2 35.a4 h5 36.b4 Kc7 37.Be4 h4 38.Kb3 Kd6 39.a5 Bg3 40.
b5 Be5 41.Rxh4 Rb2+ 42.Kc4 Rc2+ 43.Kb3 Rb2+ 44.Kc4 Rc2+ 45.Kb4 Rb2+ 
1/2-1/2

[Event "11th Essent op"]
[Site "Hoogeveen NED"]
[Date "2007.10.12"]
[Round "1.22"]
[White "Okkes, Menno"]
[Black "Friesen, Boris"]
[Result "1-0"]
[WhiteElo "2386"]
[BlackElo "2152"]
[EventDate "2007.10.12"]
[PlyCount "83"]

1.e4 e6 2.Nf3 d5 3.Nc3 Nf6 4.e5 Nfd7 5.d4 c5 6.dxc5 Nc6 7.Bf4 Bxc5 8.Bd3 
a6 9.O-O f6 10.exf6 Nxf6 11.Qe2 O-O 12.Rae1 Qe8 13.Bg3 Qh5 14.Nb1 Nb4 15.
Nbd2 Nxd3 16.cxd3 Bd7 17.Nb3 Bb6 18.Nfd4 Qxe2 19.Rxe2 Rfe8 20.Rfe1 Kf7 21.
Nf3 Kg8 22.Be5 Rac8 23.Bd4 Bxd4 24.Nbxd4 h6 25.h3 Nh5 26.Ne5 Bb5 27.g3 Nf6
28.Kg2 Rc5 29.Re3 a5 30.g4 Ba6 31.Kg3 Rc7 32.h4 Nh7 33.h5 Nf8 34.Ng6 Rcc8 
35.Nxf8 Kxf8 36.Nxe6+ Kf7 37.Nd4 Rxe3+ 38.Rxe3 Rc7 39.f4 b6 40.g5 Bc8 41.
g6+ Kf6 42.Re8 1-0

[Event "11th Essent op"]
[Site "Hoogeveen NED"]
[Date "2007.10.12"]
[Round "1.23"]
[White "Fehr, Axel"]
[Black "Ris, Robert"]
[Result "0-1"]
[WhiteElo "2150"]
[BlackElo "2381"]
[EventDate "2007.10.12"]
[PlyCount "78"]

1.c4 Nf6 2.Nc3 e6 3.e4 d5 4.e5 d4 5.exf6 dxc3 6.bxc3 Qxf6 7.d4 c5 8.Nf3 
cxd4 9.Bg5 Qf5 10.cxd4 Bb4+ 11.Bd2 Bxd2+ 12.Qxd2 Nc6 13.Bd3 Qa5 14.Rb1 Ke7
15.Rb5 Qxd2+ 16.Kxd2 b6 17.Be4 Bd7 18.d5 exd5 19.Bxd5 f6 20.Re1+ Kd6 21.
Bf7 Rad8 22.Kc3 Rhf8 23.Rd5+ Kc7 24.Be6 Bxe6 25.Rxe6 Rfe8 26.Rxe8 Rxe8 27.
Rd2 g5 28.a3 h5 29.h4 g4 30.Nd4 Nxd4 31.Rxd4 Re5 32.Rf4 f5 33.Rd4 Kc6 34.
Rf4 Kd6 35.g3 Ke6 36.Rd4 Re2 37.Rf4 Ke5 38.a4 Re4 39.Rxe4+ Kxe4 0-1

[Event "11th Essent op"]
[Site "Hoogeveen NED"]
[Date "2007.10.12"]
[Round "1.24"]
[White "Vedder, Henk"]
[Black "Van Opheusden, Bas"]
[Result "1/2-1/2"]
[WhiteElo "2364"]
[BlackElo "2149"]
[EventDate "2007.10.12"]
[PlyCount "112"]

1.e4 c5 2.Nf3 d6 3.c3 Nf6 4.Bd3 g6 5.O-O Bg7 6.Bc2 Nc6 7.d4 Bg4 8.Be3 Nd7 
9.dxc5 Nxc5 10.h3 Bd7 11.Qc1 O-O 12.Bh6 Ne5 13.Nxe5 dxe5 14.Be3 Qc7 15.Nd2
b6 16.Rd1 Rfd8 17.Nb3 Nb7 18.a4 Nd6 19.Nd2 Be6 20.f3 Bf8 21.Bd3 Nc4 22.
Nxc4 Bxc4 23.Bxc4 Qxc4 24.Qc2 Qc7 25.Rd3 Rxd3 26.Qxd3 Rd8 27.Qb5 e6 28.Kh2
Kg7 29.a5 Bc5 30.axb6 axb6 31.Bxc5 Qxc5 32.Qxc5 bxc5 33.Ra5 Rc8 34.Kg3 Kf6
35.Rb5 h5 36.b3 Rc7 37.h4 g5 38.hxg5+ Kxg5 39.Kf2 f5 40.g3 fxe4 41.fxe4 h4
42.gxh4+ Kf4 43.h5 Kxe4 44.Ke2 Kf4 45.h6 e4 46.b4 Rh7 47.bxc5 Rxh6 48.c6 
Rh2+ 49.Kd1 Rh7 50.Rc5 Rc7 51.Ke2 e5 52.c4 Kf5 53.Ke3 Ke6 54.Kxe4 Kd6 55.
Rxe5 Kxc6 56.Kd4 Rd7+ 1/2-1/2

[Event "11th Essent op"]
[Site "Hoogeveen NED"]
[Date "2007.10.12"]
[Round "1.25"]
[White "Rooda, Kai P"]
[Black "Fayard, Alain"]
[Result "1-0"]
[WhiteElo "2146"]
[BlackElo "2360"]
[EventDate "2007.10.12"]
[PlyCount "157"]

1.d4 Nf6 2.Nf3 e6 3.c4 Bb4+ 4.Bd2 a5 5.Nc3 b6 6.e3 Bb7 7.Bd3 O-O 8.Qc2 d5 
9.O-O Nbd7 10.cxd5 exd5 11.a3 Be7 12.Ne5 c5 13.Rfe1 c4 14.Nxd7 Qxd7 15.Bf5
Qc7 16.Qd1 g6 17.Bc2 Bc6 18.a4 Bb4 19.Qf3 Kg7 20.Qh3 Rfe8 21.Qh4 h5 22.f3 
Rad8 23.Re2 Be7 24.Qe1 Bd6 25.g3 Bb4 26.Nd1 Qd6 27.Bc3 Nh7 28.Kg2 Bd7 29.
Nf2 Ng5 30.h4 Ne6 31.e4 f6 32.e5 Qf8 33.Rd1 f5 34.f4 b5 35.axb5 Bxb5 36.
Nh3 Rb8 37.Qd2 Rb7 38.Ra1 Reb8 39.Ba4 Bxa4 40.Rxa4 Qe8 41.Ra2 Qb5 42.Ng5 
Qb6 43.Re1 Qc6 44.Rea1 Nc5 45.dxc5 d4+ 46.Kh3 dxc3 47.bxc3 Bxc5 48.Rxa5 
Kh6 49.Ra6 Rb6 50.Ra7 R6b7 51.Rxb7 Rxb7 52.Rd1 Kg7 53.Qd5 Qxd5 54.Rxd5 Be7
55.Rd4 Bxg5 56.hxg5 Rb2 57.Rxc4 Rc2 58.Rc7+ Kf8 59.c4 Kg8 60.e6 Re2 61.
Rc8+ Kg7 62.Re8 Rc2 63.Re7+ Kg8 64.Rc7 Re2 65.Rc8+ Kg7 66.Rc6 Kf8 67.c5 
Kg7 68.Rc7+ Kf8 69.Rf7+ Kg8 70.c6 Rxe6 71.Rf6 Re2 72.Rxg6+ Kh7 73.Rf6 Rc2 
74.Rxf5 Rxc6 75.Rf6 Rc1 76.Rh6+ Kg7 77.Rxh5 Kg6 78.Kg4 Rc4 79.Rh6+ 1-0

[Event "11th Essent op"]
[Site "Hoogeveen NED"]
[Date "2007.10.12"]
[Round "1.26"]
[White "Tondivar, Babak"]
[Black "Van der Veen, Jan"]
[Result "1/2-1/2"]
[WhiteElo "2353"]
[BlackElo "2144"]
[EventDate "2007.10.12"]
[PlyCount "60"]

1.d4 Nf6 2.c4 g6 3.g3 Bg7 4.Bg2 O-O 5.Nc3 d6 6.Nf3 c6 7.O-O Bf5 8.Ne1 e5 
9.d5 Qd7 10.e4 Bh3 11.Nd3 Bxg2 12.Kxg2 cxd5 13.cxd5 Na6 14.f3 Rfc8 15.Be3 
Ne8 16.a4 Nc5 17.b4 Nxd3 18.Qxd3 Bf6 19.Rfc1 Bd8 20.a5 a6 21.Ra2 Nc7 22.
Rac2 Nb5 23.Nxb5 Qxb5 24.Rxc8 Qxd3 25.Rxa8 Qxe3 26.Rxd8+ Kg7 27.Rc2 Qb3 
28.Rc7 Qe3 29.Rc2 Qb3 30.Rc7 Qe3 1/2-1/2

[Event "11th Essent op"]
[Site "Hoogeveen NED"]
[Date "2007.10.12"]
[Round "1.27"]
[White "Galje, Hans"]
[Black "Grooten, Herman"]
[Result "0-1"]
[WhiteElo "2143"]
[BlackElo "2350"]
[EventDate "2007.10.12"]
[PlyCount "42"]

1.d4 Nf6 2.c4 e6 3.Nc3 Bb4 4.e3 c5 5.Ne2 cxd4 6.exd4 O-O 7.a3 Be7 8.g3 Qc7
9.Qd3 a6 10.Bg2 d6 11.O-O Nc6 12.b4 Bd7 13.Bb2 Rfc8 14.Rac1 Qd8 15.Rfd1 
Rab8 16.Ne4 Nxe4 17.Qxe4 Bf6 18.h4 Ne7 19.Nc3 Rxc4 20.Bf1 d5 21.Qe3 Nf5 
0-1

[Event "11th Essent op"]
[Site "Hoogeveen NED"]
[Date "2007.10.12"]
[Round "1.28"]
[White "Afek, Yochanan"]
[Black "Potze, Rudolf"]
[Result "1/2-1/2"]
[WhiteElo "2350"]
[BlackElo "2137"]
[EventDate "2007.10.12"]
[PlyCount "114"]

1.e4 c5 2.Nf3 Nc6 3.c3 d5 4.exd5 Qxd5 5.d4 cxd4 6.cxd4 e5 7.Nc3 Bb4 8.Bd2 
Bxc3 9.Bxc3 e4 10.Ne5 Nxe5 11.dxe5 Ne7 12.g3 e3 13.f3 Be6 14.Qxd5 Nxd5 15.
Bb5+ Ke7 16.Ke2 Rac8 17.Rhc1 Nxc3+ 18.bxc3 Rc5 19.Bd3 Rxe5 20.Rab1 b6 21.
Rb5 Rxb5 22.Bxb5 Rc8 23.a4 Bc4+ 24.Kxe3 a6 25.Bxc4 Rxc4 26.a5 b5 27.Kd3 
Ra4 28.c4 bxc4+ 29.Rxc4 Rxa5 30.Rc7+ Ke6 31.Ra7 h5 32.h4 g6 33.Ke3 Ra4 34.
Ra8 Ke5 35.Re8+ Kf5 36.Re7 Ra3+ 37.Kf2 Kf6 38.Ra7 a5 39.Ra6+ Kf5 40.Ra7 f6
41.Ra6 g5 42.hxg5 Kxg5 43.Ra8 a4 44.Rg8+ Kf5 45.Rh8 Kg6 46.Rg8+ Kf7 47.Rh8
Kg6 48.Rg8+ Kh7 49.Rf8 Kg7 50.Ra8 f5 51.Ra6 f4 52.gxf4 h4 53.Kg2 Ra1 54.f5
a3 55.f4 a2 56.f6+ Kf7 57.f5 Kf8 1/2-1/2

[Event "11th Essent op"]
[Site "Hoogeveen NED"]
[Date "2007.10.12"]
[Round "1.29"]
[White "Hendriks, Richard V"]
[Black "Erwich, Frank"]
[Result "0-1"]
[WhiteElo "2125"]
[BlackElo "2346"]
[EventDate "2007.10.12"]
[PlyCount "57"]

1.e4 e5 2.Nf3 Nc6 3.Nc3 Nf6 4.d4 Bb4 5.Nxe5 Nxe4 6.Qg4 Nxc3 7.Qxg7 Rf8 8.
a3 Na2+ 9.axb4 Nxc1 10.Rxc1 Qe7 11.Kd1 Nxd4 12.Bd3 Ne6 13.Qxh7 d6 14.Bb5+ 
Kd8 15.Nf3 c6 16.Bd3 Kc7 17.Re1 Qf6 18.Qf5 Qxb2 19.Qa5+ b6 20.Qa4 a5 21.b5
Bd7 22.bxc6 Bxc6 23.Qc4 b5 24.Qh4 Rac8 25.Kd2 Bxf3 26.gxf3 Nd4 27.Re7+ Kb6
28.Kd1 Rg8 29.Qf6 0-1

[Event "11th Essent op"]
[Site "Hoogeveen NED"]
[Date "2007.10.12"]
[Round "1.30"]
[White "Mamedjarova, Zeinab"]
[Black "Borg, Andrew"]
[Result "1-0"]
[WhiteElo "2342"]
[BlackElo "2116"]
[EventDate "2007.10.12"]
[PlyCount "113"]

1.d4 d5 2.c4 c6 3.e3 Nf6 4.Nf3 Bf5 5.Bd3 Bxd3 6.Qxd3 e6 7.O-O Nbd7 8.Nc3 
Be7 9.e4 dxe4 10.Nxe4 Nxe4 11.Qxe4 Nf6 12.Qc2 O-O 13.Bg5 Qc7 14.Rad1 Rad8 
15.Rfe1 Rfe8 16.Rd3 a6 17.Ne5 Nd7 18.Bxe7 Rxe7 19.Ng4 Nf8 20.Red1 Ng6 21.
Qc3 Red7 22.g3 h5 23.Ne3 h4 24.Ng2 hxg3 25.hxg3 Qb8 26.Ne3 Ne7 27.Qa5 b6 
28.Qg5 b5 29.b3 Qa7 30.Kg2 Qb7 31.f3 Qc7 32.Ng4 Ng6 33.f4 Qd6 34.Rh1 bxc4 
35.bxc4 Qb4 36.c5 Qc4 37.Rd2 Qd5+ 38.Qxd5 Rxd5 39.Rhd1 Ne7 40.Ne3 R5d7 41.
Kf3 Rb7 42.Rd3 Rb4 43.Ra3 Ra8 44.Rdd3 a5 45.Rab3 f6 46.Nc2 Rb5 47.Ke4 Kf8 
48.g4 Rab8 49.Rxb5 cxb5 50.f5 exf5+ 51.gxf5 Re8 52.d5 Nc6+ 53.Kf4 Ne5 54.
Rb3 b4 55.Nd4 Rc8 56.Rg3 Rxc5 57.Ne6+ 1-0